000 01023nam a2200277 i 4500
005 20260622121929.0
008 260517t20242024my gr 000 0 may d
020 _a9789675381966
_cRM40.00
_qpaperback
040 _aPPAK
_beng
_cPPAK
_erda
082 0 4 _223
_a327.595
090 0 0 _a327.595
_bONN
_dG
100 1 _aOnn, Huann Jan,
_cDr.
_eauthor.
245 1 0 _aSEJARAH PERTUKARAN BUDAYA ANTARA MALAYSIA DENGAN CHINA /
_cDr. Onn Huann Jan ; Penterjemah / Chong Swee Man
264 1 _aSeri Kembangan, Selangor :
_bGreen Fiction Publishing (M) Sdn Bhd,
_c2024
264 4 _c©2024
300 _a265 pages, 3 unnumbered pages ;
_c24 cm
336 _atext
_2rdacontent
337 _aunmediated
_2rdamedia
338 _avolume
_2rdacarrier
504 _aIncludes bibliographical references
650 1 0 _aInternational relations
651 0 _aMalaysia
_xRelations
_zChina
_xHistory
651 0 _aChina
_xRelations
_zMalaysia
_xHistory
700 1 _aChong, Swee Man,
_etranslator.
942 _2ddc
_cB
999 _c204331
_d204331